Score 0/18 Timer 10:00
0 Plays Today
s % Correct
Ed WestwickChuck Bass
94%
Leighton MeesterBlair Waldorf
90.5%
Penn BadgleyDan Humphrey
85.5%
Taylor MomsenJenny Humphrey
82.9%
Chace CrawfordNate Archibald
80.6%
Matthew SettleRufus Humphrey
62.7%
Michelle TrachtenbergGeorgina Sparks
49.3%
Jessica SzohrVanessa Abrams
48.2%
Kelly RutherfordLily Bass
47.1%
s % Correct
Blake LivelySerena van der Woodson
43.4%
Robert John BurkeBart Bass
29.2%
Margaret ColinEleanor Waldorf
26.5%
Hilary DuffOlivia Burke
26.1%
Connor PaoloEric van der Woodson
23.9%
Sebastian StanCarter Baizen
19.9%
Joanna GarciaBree Buckley
10.7%
Zuzanna SzadkowskiDorota Kishlovsky
6.3%
Chris RiggiScott Ronsson
1.4%
Remove Ads.
Support Sporcle.
Get the best of Sporcle when you Go Orange. This ad-free experience offers more features, more stats, and more fun while also helping to support Sporcle. Thank you for becoming a member.

You're not logged in!

Compare scores with friends on all Sporcle quizzes.
OR
Log In

Show Comments

Extras

Created Oct 9, 2009ReportNominate
Tags:Character, girl, gossip, Gossip Girl, XOXO

Top Quizzes Today


Score Distribution

Your Account Isn't Verified!

In order to create a playlist on Sporcle, you need to verify the email address you used during registration. Go to your Sporcle Settings to finish the process.

Report this User

Report this user for behavior that violates our Community Guidelines.

Details: